000 00575nam a2200229Ia 4500
003 OSt
005 20220924153234.0
006 a|||||r|||| 00| 0
007 ta
008 220923b |||||||| |||| 00| 0 guj d
024 _a347392
037 _cTextual
040 _aARTS
_cARTS
_bguj
041 _2guj
_aguj
082 _aV2:51xM69:g(W:195), 156J8
100 _aVinobha
_9228375
245 0 _aShanti sena
260 _c1958
650 _aHISTORY
942 _hV2:51xM69:g(W:195), 156J8
_cTEXL
_2CC
999 _c472875
_d472875